00601 2200217 4500001002100000005001500021035002000036007000300056008004100059020002200100082001000122084001600132100001600148245006000164250001100224260005400235300004100289856002900330990001100359990001300370INLIS00000000000125620260413080053 a0010-0426000010ta260413 e 0 ind  a978-602-473-180-9 a661.8 a661.8 YUY m0 aYuyung Abdi1 aMengubah Sampah Jadi Emas /cAirlangga University Press acet. 1 aProbolinggo Jawa Timur :bBee Bakau Resort,c2019 a195 hlm :biii 195 hlm;ilus ;c25 cm aPerpustakaan BBPP Kupang a200641 a20060042